000 02383nam a2200445Ia 4500
001 dia_1837
003 CHAP
005 20240807113102.0
007 ta
008 220117s2015 mx bdeofr 001 0 spa d
040 _cCHAP
_amxchpua
090 _aT.C.700
_bS83 EIUPA
_c2015
245 1 0 _aReporte de viaje de estudios /
_ccoordinadores Carlos Suárez Espinosa, Artemio Pérez López y Evelio Aguilar Gudino ; colaboradores Ricardo Cruz Aguilar...[et al.]
260 _aMéxico :
_bEl autor,
_c2015
300 _a46 hojas :
_bmapas, gráficas, diagramas, tablas, fotos, planos +
_e1 CD-ROM
336 _2rdacontent
_atexto
_btxt
337 _2rdamedia
_ano mediado
_bn
338 _2rdacarrier
_avolumen
_bnc
500 _aGrado 7° Grupo 3 El CD contiene reporte y planos Visita a la empresa Bodegas y Viñedos San Rafael, S. P. R. de R. L.
502 _aViaje de estudios
_b(EIUPA) --
_cUACh. Departamento de Ingeniería Agroindustrial,
_d2015
504 _aBibliografía: hoja 45
505 _a4 planos 1. Distribución de áreas (Esc. 1:100) -- 2. Distribución de equipo (Esc. 1:100) -- 3. Diagrama de recorrido (Esc. 1:100) -- 4. Diagrama de flujo del del proceso de elaboración de vino tinto
650 1 0 _aIndustria del vino
_zMéxico
_zBaja California
_9152310
650 1 0 _aWine industry
_zMexico
_zBaja California
_9152311
700 1 _aAguilar Gudino, Evelio
_9149929
_ecoordinador
700 1 _aPérez López, Artemio
_9149931
_ecoordinador
700 1 _aSuárez Espinosa, Carlos
_9151362
_ecoordinador
700 1 _aCruz Aguilar, Roberto Ricardo
_929276
_ecolaborador
856 4 1 _uhttp://10.13.5.2/ve/TC700EIUPA/TC700EIUPA2015-PLANO-AREAS.pdf
_yDESCARGAR DISTRIBUCIÓN DE ÁREAS
856 4 1 _uhttp://10.13.5.2/ve/TC700EIUPA/TC700EIUPA2015-PLANO-EQUIPO.pdf
_yDESCARGAR DISTRIBUCIÓN DE EQUIPO
856 4 1 _uhttp://10.13.5.2/ve/TC700EIUPA/TC700EIUPA2015-PLANIO-RECORRIDO.pdf
_yDESCARGAR DIAGRAMA DE RECORRIDO
856 4 1 _uhttp://10.13.5.2/ve/TC700EIUPA/TC700EIUPA2015-PLANO-DIAGRAMADEFLUJO.pdf
_yDESCARGAR DIAGRAMA DE FLUJO DEL DEL PROCESO DE ELABORACIÓN DE VINO TINTO
856 4 1 _uhttp://10.13.5.2/ve/TC700EIUPA/TC700EIUPA2015-REPORTE.pdf
_yDESCARGAR REPORTE
901 _aT.C.700 S83 EIUPA 2015
902 _aM
905 _a5232272015 mx nmdl8223223322spa16
942 _2local
942 _cVE
999 _c172673
_d172673